| 000 | 01922 am a2200505 a 4500 | ||
|---|---|---|---|
| 005 | 20240530132302.0 | ||
| 008 | 100310s2009||||mx a f |||| 001 0 spa d | ||
| 020 | _a9786077743040 | ||
| 041 | _aspa | ||
| 092 |
_c615.15 _l76 _sRUI |
||
| 100 | 1 |
_aRuíz Argüelles, Guillermo J. _9569 |
|
| 245 |
_aFundamentos de hematología / _cGuillermo J. Ruíz Argüelles. |
||
| 250 | _a4a ed. | ||
| 260 |
_aMéxico: _bEditorial Médica Panamericana; _c2009. |
||
| 300 |
_a344 p. _bil. |
||
| 500 | _aRuíz Argüelles, G. J. (2009). Fundamentos de hematología. (4a ed.). México : Editorial Médica Panamericana. | ||
| 590 | _aDonación Editorial Panamericana y compra 2009 | ||
| 653 | _aHematopoyesis | ||
| 653 | _aInterpretación de la citometría hemática. Indices y parametros eritrocíticos. Definición de anemia | ||
| 653 | _aAnemia por deficiencia de hierro | ||
| 653 | _aAnemias megaloblásticas | ||
| 653 | _aAnemias hemilíticas | ||
| 653 | _aAnemias hemolíticas causadas por trastornos de la membrana eritrocítica | ||
| 653 | _aHemoglobinopatías y talasemias | ||
| 653 | _aAnemias hemolíticas por alteraciones en enzimas eritrocitarias | ||
| 653 | _aAnemias hemolíticas inmunológicas | ||
| 653 | _aHipoplasias y displacias medulares | ||
| 653 | _aAnemias secundarias a padecimientos no hematológicos | ||
| 653 | _aLeucemias agudas | ||
| 653 | _aLeucemias crónicas | ||
| 653 | _aNeoplasias mieloproliferativas crónicas | ||
| 653 | _aLinfomas | ||
| 653 | _aLinfoma de Hodgkin | ||
| 653 | _aPadecimientos inmunoproliferativos malignos | ||
| 653 | _aMecanismos hemostáticos | ||
| 653 | _aPlaquetas y púrpuras trombocitopenicas | ||
| 653 | _aCoagulopatías hereditarias | ||
| 653 | _aTrombofilia | ||
| 653 | _aTerapéutica transfusional | ||
| 653 | _aTrasplante de células hematopoyeticas | ||
| 930 | _a2081 | ||
| 930 | _a2241 | ||
| 930 | _a2242 | ||
| 942 |
_2ddc _cBK |
||
| 999 |
_c68 _d68 |
||